Score 0/16 Timer 01:30
2 Plays Today
Question Answer Wrong Answers
Flare Blitz Fire
92.7%
Electric
3%
Blast Burn Fire
92.7%
Electric
2.7%
Eruption Fire
92.6%
Electric
3%
Shock Wave Electric
91.6%
Fire
3.9%
Bolt Strike Electric
90.4%
Fire
5.2%
Fusion Bolt Electric
86.3%
Fire
9.2%
Spark Electric
85.3%
Fire
10.3%
Sunny Day Fire
85.2%
Electric
10.3%
Wild Charge Electric
84.1%
Fire
11.2%
Searing Shot Fire
82.1%
Electric
13.3%
Ion Deluge Electric
81.2%
Fire
14%
Eerie Impulse Electric
76.6%
Fire
18.7%
V-create Fire
59.2%
Electric
36%
Plasma Fists Electric
58.5%
Fire
36.9%
Shell Trap Fire
58.1%
Electric
37.2%
Mind Blown Fire
56.7%
Electric
39.2%

Today's Daily Dose

Word Ladder
Athletics

Remove Ads.
Support Sporcle.
Get the best of Sporcle when you Go Orange. This ad-free experience offers more features, more stats, and more fun while also helping to support Sporcle. Thank you for becoming a member.

You're not logged in!

Compare scores with friends on all Sporcle quizzes.
OR
Log In

Show Comments

Extras

Top Quizzes Today


Score Distribution

Your Account Isn't Verified!

In order to create a playlist on Sporcle, you need to verify the email address you used during registration. Go to your Sporcle Settings to finish the process.

Report this User

Report this user for behavior that violates our Community Guidelines.

Details: